Science Quiz

Random Science or Animal Quiz

Unlikely Animal Friendships Quiz Stats

 Plays Quiz Updated Sep 27, 2016

Also try: Baby Beasts V
Challenge
Share
Tweet
Score 0/20 Timer 05:00
0 Plays Today
% Correct
Black bear
99%
Giraffe
98.6%
Sheep
97.2%
Cat
97.1%
Polar bear
96.7%
Deer
96.6%
Hippopotamus
96.3%
Tiger
96.2%
Piglet
94.9%
Budgerigar
94.9%
% Correct
African elephant
94.7%
Dog
94.6%
Ostrich
94.5%
Koala
93.5%
Red fox
92.8%
Monkey
92.4%
Sloth
92%
Snow leopards
90.3%
Central bearded dragon
89.6%
Dove
86.1%

You're not logged in!

Compare scores with friends on all Sporcle quizzes.
Join for Free
OR
Log In

You Might Also Like...

Show Comments

Extras

Top Quizzes Today


Score Distribution

Your Account Isn't Verified!

In order to create a playlist on Sporcle, you need to verify the email address you used during registration. Go to your Sporcle Settings to finish the process.

Report this User

Report this user for behavior that violates our Community Guidelines.

Details: